LEADER 01133nam0 22002653i 450 001 SUN0117604 005 20180917115606.577 010 $a978-88-207-6562-0$d0.00 100 $a20180917d2014 |0engc50 ba 101 $aeng 102 $aIT 105 $a|||| ||||| 200 1 $a*Fighting ecomafias through biotech innovation$ethe role of biotechnologies to support firm performance development and environmental restoration$fRoberto Vona$gpreface by Sergio Costa 210 $a Napoli$cLiguori$d2014 215 $a98 p.$d20 cm. 620 $dNapoli$3SUNL000005 700 1$aVona$b, Roberto$3SUNV009310$0437636 701 1$aCosta$b, Sergio$3SUNV036619$045933 712 $aLiguori$3SUNV000052$4650 801 $aIT$bSOL$c20181109$gRICA 912 $aSUN0117604 950 $aUFFICIO DI BIBLIOTECA DEI DIPARTIMENTI DI INGEGNERIA$d05 CONS T I 154 $e05 UBI497 995 $aUFFICIO DI BIBLIOTECA DEI DIPARTIMENTI DI INGEGNERIA$bIT-CE0100$gUBI$h497$kCONS T I 154$oc$qa 996 $aFighting ecomafias through biotech innovation$91524262 997 $aUNICAMPANIA LEADER 00986nam a2200253 a 4500 001 991003901539707536 008 020 $a9788874667055 035 $ab14406299-39ule_inst 040 $aDip.to di Storia, Società e Studi sull'Uomo$bita 082 0 $a612.63 100 1 $aSpandrio, Roberta 245 10$aFisiologia della nascita :$bdai prodromi al post partum /$cRoberta Spandrio, Anita Regalia, Giovanna Bestetti 260 $aRoma :$bCarocci Faber,$c2014 300 $a630 p. :$bill. ;$c22 cm 490 0 $aLe professioni sanitarie ;$v70 650 4$aParto 700 $aBestetti, Giovanna$eauthor$4http://id.loc.gov/vocabulary/relators/aut 700 1 $aRegalia, Anna 907 $a.b14406299$b09-12-20$c24-11-20 912 $a991003901539707536 945 $aLE023 612.63 SPA 1 1$g1$i2023000188279$lle023$op$pE59.00$q-$rl$s- $t0$u0$v0$w0$x0$y.i15943082$z03-12-20 997 $aUNISALENTO 998 $ale023$b24-11-20$cm$da $e-$fita$git $h0$i0 LEADER 01660nas 2200541- 450 001 996324450203316 005 20240112213020.0 035 $a(OCoLC)1142459126 035 $a(CKB)1000000000303627 035 $a(CONSER)--2020256389 035 $a(DE-599)ZDB3091920-4 035 $a(EXLCZ)991000000000303627 100 $a20200209a19939999 --- - 101 0 $aukr 135 $aur|n||||||||| 181 $ctxt$2rdacontent 182 $cc$2rdamedia 183 $acr$2rdacarrier 200 00$aBibliotechny? visnyk 210 1$aKyïv :$cNat?sional?na biblioteka Ukraïny imeni V.I. Vernads?koho 215 $a1 online resource 300 $aRefereed/Peer-reviewed 311 $a1029-7200 517 1 $aBìblìote?nij vìsnik 517 1 $aLibrary journal 606 $aLibraries$zUkraine$vPeriodicals 606 $aLibrary science$zUkraine$vPeriodicals 606 $aBibliothèques$zUkraine$vPériodiques 606 $aBibliothéconomie$zUkraine$vPériodiques 606 $aLibraries$2fast$3(OCoLC)fst00997341 606 $aLibrary science$2fast$3(OCoLC)fst00997916 607 $aUkraine$2fast 608 $aPeriodical 608 $aperiodicals.$2aat 608 $aPeriodicals$2fast 608 $aPeriodicals.$2lcgft 608 $aPériodiques.$2rvmgf 615 0$aLibraries 615 0$aLibrary science 615 6$aBibliothèques 615 6$aBibliothéconomie 615 7$aLibraries 615 7$aLibrary science 712 02$aNat?sional?na biblioteka Ukraïny im. V.I. Vernads?koho, 906 $aJOURNAL 912 $a996324450203316 996 $aBibliotechny? visnyk$92577454 997 $aUNISA